LEADER 01671nam a2200289 i 4500 001 000000017236 003 CaOOAMICUS 005 20240216115401.0 008 180830s1823 it u000 u lat u 040 $aSeMil$bita 110 2 $aArcidiocesi di Milano.$0(OLS)http://semarc/name/400 245 10$aBreviarium ambrosianum Sancti Caroli cardinalis archiepiscopi jussu editum Caroli Cajetani Comitis de Gaisruck archiepiscopi auctoritate recognitum et denuo impressum. 260 $aMediolani :$bApud Jacobum Agnelli,$c1823. 300 $a4 v. ;$c12°. 500 $aStemma vescovile calcogr. sui front. 500 $aConsistenza: 2 copie dell'intera opera 500 $aTesto su due colonne 650 4$aLibri liturgici - Breviario ambrosiano.$0(OLS)http://semarc/subject/59264 700 1 $aGaisruck, Karl Kajetan : von,$d<1769-1846>.$0(OLS)http://semarc/name/4068 700 1 $aBorromeo, Carlo,$c.$0(OLS)http://semarc/name/3012 774 0 $tPars autumnalis a dominica 7. post Pentecostem, usque ad dominicam primam Adventus.$g1$w()129177 774 0 $tPars aestiva a Paschate usque ad dominicam 7. post Pentecostem.$g2$w()248106 774 0 $tPars vernalis a dominica septuagesima usque ad Pascha resurrectionis.$g3$w()248105 774 0 $tPars hyemalis a dominica prima Adventus usque ad septuagesimam.$g4$w()248107 996 $6245$aBreviarium ambrosianum Sancti Caroli cardinalis archiepiscopi jussu editum Caroli Cajetani Comitis de Gaisruck archiepiscopi auctoritate recognitum et denuo impressum$9(OLS)http://semarc/title/22793 996 $6260$aMediolani :$bApud Jacobum Agnelli$9(OLS)http://semarc/publisher/34598 LEADER 01061nam a2200217 i 4500 001 000000203059 003 CaOOAMICUS 005 20110616000000.0 008 110616s1938 it u000 u ita u 013 $a181771 040 $aSeMil$bita 100 1 $aCaccia Dominioni, Paolo,$d<1896-1992>.$0(OLS)http://semarc/name/53748 245 10$aResurrezione e ardore di un cantiere in terra lontana :$bAnkara d'Anatolia, estate 1938-16. /$cPaolo Caccia Dominioni. 260 $aNerviano :$b[s.n.],$c1938. 300 $a1 v. :$bill. ;$c21 cm. 500 $aA pič del front. : Dal Corriere della Sera. Illustrato e stampato per le nozze di Riccardo Trionfi e di Barbara Caccia Dominioni, Nerviano, 22 settembre 1938-16. 850 $aSeMil 852 $aSeMil$W1$xVenegono$y1$m5D X 17/8$j153555$B153555$CSeMilBibl$Z2$F164481 $81 961 $aOmaggio: Altro 996 $6245$aResurrezione e ardore di un cantiere in terra lontana :$bAnkara d'Anatolia, estate 1938-16.$9(OLS)http://semarc/title/293953 996 $6260$aNerviano :$b[s.n.]$9(OLS)http://semarc/publisher/33179